000 00388nam a2200157Ia 4500
008 151213s9999 xx 000 0 und d
100 _aJ. H. Robinson
245 _aThe Mind in The Making
_cJ. H. Robinson
250 _a1st
260 _aLondon
_bC. A. Watts & Co. Ltd.
_c1949
300 _a4320 p.
650 _aEnglish
650 _aStory
700 _aJ. H. Robinson
999 _c2734
_d2734